Popular Girls Names (Scotland 2018) Quiz Stats

 Plays Quiz not verified by Sporcle

Score 0/100 Timer 10:00
0 Plays Today
Rank Name % Correct
2Emily
95.7%
23Emma
90.8%
1Olivia
89.4%
11Charlotte
88.7%
22Anna
88.7%
5Amelia
87.2%
48Emilia
87.2%
6Ella
86.5%
7Ava
86.5%
12Sophia
85.8%
15Lily
85.8%
40Sofia
85.8%
61Lilly
85.8%
4Sophie
85.1%
10Jessica
85.1%
33Hannah
84.4%
8Grace
83.7%
14Lucy
81.6%
18Ellie
81.6%
28Eva
81.6%
20Mia
80.9%
41Isabella
80.9%
55Zoe
80.9%
29Chloe
80.1%
53Rose
80.1%
72Julia
80.1%
78Maria
78.7%
3Isla
75.9%
66Ayla
75.9%
84Aila
75.9%
54Molly
75.2%
23Ruby
74.5%
46Alice
74.5%
50Katie
73.8%
Rank Name % Correct
49Daisy
72.3%
32Holly
71.6%
63Hollie
71.6%
47Maya
70.9%
9Aria
70.2%
16Evie
70.2%
30Poppy
69.5%
69Bella
69.5%
56Abigail
68.8%
86Rebecca
68.8%
95Violet
68.8%
91Clara
68.1%
26Rosie
67.4%
58Leah
67.4%
34Erin
63.8%
38Layla
63.8%
27Georgia
62.4%
21Millie
61%
36Ivy
61%
61Gracie
61%
83Lola
58.9%
89Kayla
58.9%
17Harper
56.7%
87Hope
53.9%
87Penelope
53.9%
13Freya
52.5%
69Phoebe
52.5%
44Zara
51.8%
34Willow
51.1%
25Maisie
50.4%
52Amber
50.4%
68Elsie
49.6%
71Summer
48.9%
95Florence
48.2%
Rank Name % Correct
42Sienna
47.5%
75Brooke
47.5%
37Mila
46.8%
77Matilda
46.1%
82Luna
45.4%
75Amelie
44%
91Sadie
43.3%
67Cora
42.6%
72Ada
41.8%
65Cara
41.1%
78Piper
40.4%
64Imogen
39.7%
95Nina
39.7%
95Quinn
39%
51Niamh
36.9%
91Lena
36.9%
31Orla
34.8%
59Thea
34%
84Lexi
34%
95Aurora
34%
95Eden
34%
38Esme
33.3%
44Skye
31.2%
81Darcy
27%
19Eilidh
24.1%
91Georgie
23.4%
78Callie
22.7%
42Robyn
22%
72Bonnie
22%
56Iona
19.1%
59Hallie
19.1%
89Rowan
12.8%

You're not logged in!

Compare scores with friends on all Sporcle quizzes.
OR
Log In

Show Comments

Extras

Top Quizzes Today


Score Distribution

Your Account Isn't Verified!

In order to create a playlist on Sporcle, you need to verify the email address you used during registration. Go to your Sporcle Settings to finish the process.

Report this User

Report this user for behavior that violates our Community Guidelines.

Details: